| 000 | 00790nam a22002177a 4500 | ||
|---|---|---|---|
| 005 | 2010080207587.0 | ||
| 010 | _aENG-97786 | ||
| 020 |
_a9380189048 _c80.00 |
||
| 020 |
_a9789380189048 _c90.00 |
||
| 035 | _aEN-81319 | ||
| 037 | _bDBAD/PUB | ||
| 082 | _a796.3 | ||
| 100 |
_aBegum, A. Doulath _94190 |
||
| 245 |
_aRelation between football, Volleyball and basketball players / _cby A. Doulath Begum |
||
| 260 |
_aTamil Nadu _bNalangilli Publishers _c2009 |
||
| 270 |
_a5/888, Keela Thery, Panaiyur Thillaisthanam _bTamil Nadu _e613203 |
||
| 300 |
_a113p. _c21cm (pbk) |
||
| 650 |
_aSports _94191 |
||
| 942 |
_2ddc _cBN _h796.3 _mBEG |
||
| 999 |
_c38655 _d38655 |
||